| 000 | 00691nam a22002172 4500 | ||
|---|---|---|---|
| 001 | 0000009283 | ||
| 005 | 20151217155218.0 | ||
| 008 | 080921s xx 000 0 eng d | ||
| 020 |
_a0205164579 : _cBSP 48 |
||
| 040 |
_aKABU _cKABU |
||
| 100 | 1 |
_aDoll, Ronald C. _@0000160468 |
|
| 245 | 1 | 0 |
_aCurriculum improvement : _bdecision making and process / _cRonald C. Doll. |
| 250 | _a9th ed. | ||
| 260 |
_aBoston : _bAllyn & Bacon, _c1996. |
||
| 300 | _axvii, 557 p. | ||
| 650 | 0 |
_aCurriculum planning _zUnited States. _@0000160469 |
|
| 650 | 0 |
_aCurriculum change _zUnited States. _@0000160470 |
|
| 908 | _a080921 | ||
| 950 | _@1 | ||
| 999 |
_c12023 _d12023 |
||